Entrepreneurship at a glance 2015.

Bibliographic Details
Format: Book
Published: Paris: OECD Publishing, 2015.
Subjects:
LEADER 00384cam a2200133 7i4500
001 0000033000
005 20151215090000.0
020 0 0 |a 978-92-64-23220-4  
090 0 0 |a I 658.421   |b ENT 
245 0 0 |a Entrepreneurship at a glance 2015. 
260 0 0 |a Paris:   |b OECD Publishing,   |c 2015. 
300 # # |a 126 pages. 
650 0 0 |a Entrepreneurship  
999 |a 0000037064  |b Book  |c International  |e Business Information Centre